[Event "Moscow ol (Women)"]
[Site "Moscow"]
[Date "1994.??.??"]
[Round "6"]
[White "Brustman, Agnieszka"]
[Black "Jiretorn, Eva"]
[Result "1-0"]
[WhiteElo "2375"]
[BlackElo "2240"]

1.e4 c5 2.Nc3 Nc6 3.Nge2 d6 4.d4 cxd4 5.Nxd4 g6 6.Bc4 Bg7 7.Nxc6 bxc6 8.Qf3 Be6
9.Bxe6 fxe6 10.e5 d5 11.Bf4 Qb6 12.Rb1 c5 13.O-O h5 14.Qd3 Kf8 15.Qxg6 h4
16.h3 Nh6 17.Bxh6 Rxh6 18.Qg5 Qc7 19.f4 Kg8 20.Qg4 Rf8 21.Kh1 d4 22.Ne4 Rf5
23.Ng5 Qc6 24.Nf3 Qe4 25.Nxh4 Rfh5 26.Nf3 Qxc2 27.Rbc1 Qd3 28.Rfd1 Qe2 29.Re1 Qb5
30.Ng5 Rh4 31.Qf3 Bf8 32.Nxe6 c4 33.Nxd4 Qd7 34.Qe4  1-0

[Event "Moscow ol (Men)"]
[Site "Moscow"]
[Date "1994.??.??"]
[Round "6"]
[White "Adolaja, A."]
[Black "Sammalvuo, Tapani"]
[Result "1/2-1/2"]
[WhiteElo "2130"]
[BlackElo "2370"]

1.e4 c5 2.Nf3 Nc6 3.Nc3 g6 4.d4 cxd4 5.Nxd4 Bg7 6.Be3 Nf6 7.Bc4 O-O 8.Bb3 d6
9.f3 Bd7 10.Qd2 Nxd4 11.Bxd4 b5 12.Nd5 Nxd5 13.Bxg7 Kxg7 14.exd5 Qb6 15.Qf2 Qc5
16.O-O a5 17.a4 Rfc8 18.Qxc5 Rxc5 19.Rfe1 Kf8 20.axb5 Bxb5 21.Re4 a4 22.Rb4 Rac8
23.Ba2 Be2 24.c3 Rb5 25.Rxb5 Bxb5 26.Rc1 Rb8 27.Rd1 Ba6 28.Rd2 Rc8 29.Rc2 Bd3
30.Rd2 Bf5 31.g4 Bd7 32.Rc2 f5 33.h3 g5 34.Kf2 Be8 35.Ke3 Bg6 36.Rg2 a3 37.Kd4 axb2
38.Rxb2 Ra8 39.Bb1 Ra4+ 40.c4 Ra3 41.gxf5 Bh5 42.Bd3 Ra1 43.f6 exf6 44.Rb6 Ke7
45.Rb7+ Ke8 46.Rxh7 Bxf3 47.Bg6+ Kd8 48.Rf7 Be2 49.Rxf6 Kc7 50.Rf7+ Kd8 51.Rf6 Kc7
52.Rf7+ Kd8 53.Bf5 Rd1+ 54.Kc3 Rf1 55.Be6 Rxf7 56.Bxf7 g4 57.hxg4 Bxg4  1/2-1/2

[Event "Moscow op"]
[Site "Moscow"]
[Date "1994.??.??"]
[Round "8"]
[White "Losev, Dmitry"]
[Black "Stripunsky, Alexander"]
[Result "0-1"]
[WhiteElo "2320"]
[BlackElo "2510"]

1.e4 c5 2.Nf3 Nc6 3.Nc3 e5 4.Bc4 d6 5.d3 h6 6.O-O Nf6 7.Ne2 g6 8.c3 Bg7 9.Ng3 O-O
10.a3 a6 11.h3 Kh7 12.Be3 Qe7 13.b4 b5 14.Bb3 Bb7 15.Qd2 Rac8 16.Rac1 Rfd8
17.Qa2 Rd7 18.Nh2 Rdc7 19.f4 c4 20.dxc4 bxc4 21.Bc2 exf4 22.Bxf4 Ne5 23.Rce1 Nfd7
24.Be3 Kg8 25.Bd4 Nf8 26.Bb1 Ne6 27.Bb6 Rc6 28.Qf2 Nd3 29.Bxd3 cxd3 30.Nf5 gxf5
31.exf5 Rxc3 32.fxe6 fxe6 33.Nf3 Rc2 34.Qe3 R8c3 35.Qxe6+ Qxe6 36.Rxe6 Bxf3
37.gxf3 Rc6 38.Bf2 Re2 39.Re3 Rc3 40.Rd1 Rxf2 41.Kxf2 Bd4 42.Rd2 Rc2 43.Ke1 Bxe3
44.Rxd3 Bf4 45.Rd5 Kg7 46.Ra5 Rc6 47.Ke2 Kf6 48.Kd3 Be5 49.a4 Ke6 50.b5 axb5
51.Rxb5 Rc3+ 52.Ke2 Rc4 53.a5 Ra4 54.Kd3 Ra3+ 55.Kc4 Rxf3 56.a6 Ra3 57.Rb6 Kd7  0-1

[Event "Moscow ol (Men)"]
[Site "Moscow"]
[Date "1994.??.??"]
[Round "9"]
[White "Landenbergue, Claude"]
[Black "Palacios Llera, Francisco"]
[Result "1-0"]
[WhiteElo "2450"]
[BlackElo "2310"]

1.e4 c5 2.Nc3 Nc6 3.Nge2 g6 4.d4 cxd4 5.Nxd4 Bg7 6.Be3 Nf6 7.Bc4 O-O 8.Bb3 d6
9.f3 Bd7 10.Qd2 Rc8 11.O-O-O Ne5 12.Bg5 Rc5 13.Rhe1 Nc4 14.Bxc4 Rxc4 15.e5 dxe5
16.Nb3 Rc7 17.Rxe5 Qe8 18.Bh6 Bc6 19.Bxg7 Kxg7 20.Nd4 Kh8 21.Qf4 Ng8 22.Ree1 Rc8
23.Qe5+ f6 24.Qa5 e5 25.Qxa7 Qf7 26.Nxc6 Rxc6 27.Qa3 Rfc8 28.Qb3 Qc7 29.Re2 Rb6
30.Nd5 Rxb3 31.Nxc7 Rb4 32.Rd7 Rh4 33.h3 Rc4 34.Nd5 R4c5 35.Rd2 Ra8 36.a3 b5
37.Ne3 b4 38.axb4 Rc4 39.Rb7 f5 40.Rdd7 Rh4 41.b5 e4 42.fxe4 fxe4 43.Ra7 Re8
44.b3 Nf6 45.Re7  1-0

[Event "Moscow ol (Men)"]
[Site "Moscow"]
[Date "1994.??.??"]
[Round "9"]
[White "Salazar, Hernan"]
[Black "Kabli, Med Amine"]
[Result "1-0"]
[WhiteElo "2370"]
[BlackElo "2220"]

1.e4 c5 2.Nc3 Nc6 3.Nge2 g6 4.d4 cxd4 5.Nxd4 Bg7 6.Be3 Nf6 7.Be2 O-O 8.O-O d5
9.exd5 Nb4 10.d6 Qxd6 11.Ncb5 Qd7 12.c4 a6 13.Qa4 Nc6 14.Rad1 Nxd4 15.Rxd4 Qf5
16.Nc7 Rb8 17.Rfd1 Qc5 18.Nd5 Nxd5 19.Rxd5 Qc6 20.Qb4 Be6 21.R5d2 Rfe8 22.b3 Be5
23.h3 Qe4 24.Bf3 Qh4 25.Qa5 Qf6 26.Qb6 Bf4 27.a4 Qg5 28.Bxf4 Qxf4 29.Rd4 Qe5
30.a5 Bf5 31.h4 h5 32.g3 Bg4 33.Bxg4 hxg4 34.Rxg4 Qe2 35.Rgd4 e5 36.R4d2 Qf3
37.Rd3 Qf5 38.Rd5 Qg4 39.Qf6 e4 40.Rd7 Rf8 41.R1d4 Rbe8 42.Re7 Rxe7 43.Qxe7 Qf5
44.Rxe4 Qxa5 45.Qxb7 Rd8 46.Kg2 Qf5 47.Qe7 Qc8 48.h5 gxh5 49.Qg5+  1-0

[Event "Moscow ol (Men)"]
[Site "Moscow"]
[Date "1994.??.??"]
[Round "9"]
[White "Grosar, Aljosa"]
[Black "Rahman, Ziaur"]
[Result "0-1"]
[WhiteElo "2430"]
[BlackElo "2445"]

1.e4 c5 2.Ne2 Nc6 3.Nbc3 e6 4.g3 d5 5.exd5 exd5 6.Bg2 Nf6 7.d4 cxd4 8.Nxd4 Be7
9.O-O O-O 10.h3 Be6 11.Nxe6 fxe6 12.Bg5 Qd7 13.Ne2 Rad8 14.c3 Bc5 15.Nf4 h6
16.Bxf6 Rxf6 17.Qe2 Qf7 18.Rad1 Bb6 19.h4 Bc7 20.Nd3 e5 21.Ne1 Kh8 22.Nc2 Bb6
23.Ne3 e4 24.c4 Nd4 25.Qg4 h5 26.Qh3 Ne2+ 27.Kh2 Rxf2 28.Rxf2 Qxf2 29.Nxd5 Bc7
30.Rf1 Qxg3+ 31.Qxg3 Bxg3+ 32.Kh3 b5 33.cxb5 Be5 34.Re1 Rxd5 35.Bxe4 Nf4+
36.Kg3 Rxb5 37.Rd1 g6 38.Rd7 Rxb2 39.Rxa7 Nh3+ 40.Kf3 Bd4 41.Ra5 Kg7 42.Rd5 Ng1+
43.Kg3 Kf6  0-1

[Event "Moscow ol (Men)"]
[Site "Moscow"]
[Date "1994.??.??"]
[Round "9"]
[White "Cochrane, John Miles"]
[Black "Santacruz, Cesar S"]
[Result "1/2-1/2"]
[WhiteElo "2215"]
[BlackElo "2295"]

1.e4 c5 2.Nf3 Nc6 3.Nc3 d6 4.Bb5 Bd7 5.O-O e6 6.Re1 Nf6 7.d4 cxd4 8.Nxd4 Nxd4
9.Bxd7+ Qxd7 10.Qxd4 Be7 11.b3 O-O 12.Bb2 Qc6 13.Re2 Rfd8 14.Rae1 Rd7 15.Qe3 Ne8
16.Nd1 Bf6 17.Bxf6 Nxf6 18.c4 a6 19.Nc3 b5 20.cxb5 axb5 21.Qd3 b4 22.Na4 Rc7
23.Qd4 Qb5 24.f3 d5 25.h3 dxe4 26.fxe4 Rd7 27.Qb6  1/2-1/2

[Event "Moscow ol (Women)"]
[Site "Moscow"]
[Date "1994.??.??"]
[Round "11"]
[White "Belakovskaia, Anjelina"]
[Black "Ciuksyte, Dagne"]
[Result "1-0"]
[WhiteElo "2320"]
[BlackElo "2135"]

1.e4 c5 2.Nf3 Nc6 3.Nc3 g6 4.Bb5 Bg7 5.O-O Nd4 6.Nxd4 cxd4 7.Ne2 a6 8.Bd3 d5
9.exd5 Qxd5 10.c3 Nh6 11.Nxd4 O-O 12.Qf3 Qd6 13.Ne2 e5 14.h3 Rd8 15.Bc2 Bf5
16.Bxf5 Nxf5 17.Qxb7 Qd3 18.Ng3 Nd6 19.Qf3 Qxf3 20.gxf3 Nc4 21.Rd1 Rd3 22.Kg2 Rad8
23.Nf1 a5 24.Re1 f5 25.Rb1 Nb6 26.Ne3 Bh6 27.b4 a4 28.b5 Bf8 29.Kf1 Bc5 30.Ke2 f4
31.Ng4 Nc4 32.Nf6+ Kg7 33.Ne4 Be7 34.b6 R3d7 35.d4 Rb8 36.dxe5 g5 37.Rg1 h6
38.Bxf4 Rxb6 39.Rxb6 Nxb6 40.h4 Kg6 41.hxg5 hxg5 42.Bxg5 Kf5 43.Bf6 Bxf6
44.exf6 Nd5 45.Rg5+ Kf4 46.f7  1-0

[Event "Moscow ol (Men)"]
[Site "Moscow"]
[Date "1994.??.??"]
[Round "11"]
[White "Gdanski, Jacek"]
[Black "Vescovi, Giovanni"]
[Result "1-0"]
[WhiteElo "2505"]
[BlackElo "2455"]

1.e4 c5 2.Nc3 Nc6 3.Nf3 g6 4.Bb5 Bg7 5.Bxc6 dxc6 6.h3 Nf6 7.d3 b6 8.Be3 Nd7
9.Qd2 h6 10.O-O e5 11.Nh2 g5 12.Ne2 Nf8 13.Ng3 Qf6 14.a3 Ne6 15.b4 h5 16.Nf5 Bf8
17.Rfe1 Rg8 18.Nf1 Nd4 19.bxc5 Bxc5 20.a4 g4 21.Bxd4 Bxd4 22.Nxd4 exd4 23.e5 Qe7
24.h4 Qxh4 25.a5 b5 26.Qb4 Qe7 27.Qxd4 h4 28.Nd2 c5 29.Qf4 Bb7 30.a6 Bc6
31.Ne4 Rg6 32.Nd6+ Kf8 33.Re3 h3 34.gxh3 gxh3+ 35.Rg3 Qe6 36.Kh2 Rxg3 37.fxg3 Qd5
38.Rg1 Ke7 39.Qf6+ Kd7 40.Nxf7 Rf8 41.e6+ Kc7 42.Qe7+ Kb6 43.Qxf8 Qxe6 44.Qd8+ Kxa6
45.Ra1+  1-0

[Event "Moscow ol (Men)"]
[Site "Moscow"]
[Date "1994.??.??"]
[Round "12"]
[White "Gdanski, Jacek"]
[Black "Kotronias, Vasilios"]
[Result "1-0"]
[WhiteElo "2505"]
[BlackElo "2545"]

1.e4 c5 2.Nc3 Nc6 3.Nf3 d6 4.d4 cxd4 5.Nxd4 Nf6 6.Bc4 Qb6 7.Nde2 e6 8.O-O Be7
9.Bb3 O-O 10.Ng3 Rd8 11.Kh1 Na5 12.f4 Nxb3 13.axb3 Qc6 14.Qe2 a6 15.e5 Ne8
16.Nce4 b5 17.c3 a5 18.Be3 Bb7 19.Bd4 b4 20.Rf2 Qd5 21.Qg4 Qxb3 22.Nf6+ Bxf6
23.exf6 a4 24.Re1 Qd5 25.Nh5 Qf5 26.Qxf5 exf5 27.fxg7 Be4 28.cxb4 Rdb8 29.Bc3 d5
30.Rd2 Rb6 31.Kg1 Rba6 32.Ra1 Rh6 33.Ng3 Nxg7 34.Nxe4 dxe4 35.Rxa4 Re8 36.b5 e3
37.Re2 Rb6 38.Rb4 Re4 39.Rxe4 fxe4 40.Rxe3 f5  1-0

[Event "Moscow ol (Women)"]
[Site "Moscow"]
[Date "1994.??.??"]
[Round "12"]
[White "Yudasina, Irina"]
[Black "Susterman, Anja"]
[Result "1/2-1/2"]
[WhiteElo "2255"]
[BlackElo "2235"]

1.e4 c5 2.Nf3 Nc6 3.Nc3 d6 4.d4 cxd4 5.Nxd4 Nf6 6.g3 g6 7.Bg2 Bd7 8.O-O Bg7
9.Nde2 Qc8 10.Re1 Ne5 11.Nf4 h5 12.h4 Nfg4 13.Nd3 Nxd3 14.cxd3 Qc5 15.Rf1 Bd4
16.Qe2 f6 17.Bd2 Kf7 18.Nd5 Qc2 19.Nb4 Qc5 20.Rac1 Qe5 21.Bf4 Qa5 22.Rc4 Bc5
23.a3 Bb5 24.Rc3 Bd4 25.Rc2 Rac8 26.Bh3 Bd7 27.Kg2 Qb6 28.f3 Rxc2 29.Nxc2 Ne5
30.Bxd7 Nxd7 31.Nxd4 Qxd4 32.Be3 Qa4 33.Rc1 Qa6 34.Qc2 Ne5 35.Qb3+ Kg7 36.Rc3 Nc6
37.Bd2 Rc8 38.Qc2  1/2-1/2

[Event "Moscow ol (Men)"]
[Site "Moscow"]
[Date "1994.??.??"]
[Round "12"]
[White "Salazar, Hernan"]
[Black "Sitanggang, Salor"]
[Result "1/2-1/2"]
[WhiteElo "2370"]
[BlackElo "2410"]

1.e4 c5 2.Nc3 Nc6 3.Nge2 e6 4.g3 Be7 5.Bg2 Bf6 6.O-O d6 7.d3 Nge7 8.f4 Rb8
9.Be3 Nd4 10.Bf2 h6 11.e5 dxe5 12.Ne4 Ng6 13.fxe5 Bxe5 14.Nxc5 O-O 15.c3 Nf5
16.d4 Bc7 17.Qd3 b6 18.Na6 Ne5 19.Qb5 Bxa6 20.Qxa6 Ng4 21.Qd3 b5 22.Qf3 Qg5
23.h4 Qg6 24.Nf4 Bxf4 25.Qxf4 Nxf2 26.Kxf2 b4 27.c4 Rbd8 28.Rad1 e5 29.dxe5 Qb6+
30.Ke2 Nd4+ 31.Ke1 Nc2+ 32.Ke2 Nd4+ 33.Ke1  1/2-1/2

[Event "Moscow ol (Men)"]
[Site "Moscow"]
[Date "1994.??.??"]
[Round "13"]
[White "Adams, Michael"]
[Black "Kramnik, Vladimir"]
[Result "1/2-1/2"]
[WhiteElo "2640"]
[BlackElo "2725"]

1.e4 c5 2.Nc3 Nc6 3.Nf3 d6 4.d4 cxd4 5.Nxd4 Nf6 6.Bg5 e6 7.Qd2 Be7 8.O-O-O Nxd4
9.Qxd4 O-O 10.f4 Qa5 11.Bc4 Bd7 12.e5 dxe5 13.fxe5 Bc6 14.Bd2 Nd7 15.Nd5 Qc5
16.Nxe7+ Qxe7 17.Rhe1 Rfd8 18.Qg4 Nf8 19.Bd3 Rxd3 20.cxd3 Qd7 21.Bb4 Qd5
22.Bxf8 Rxf8 23.Kb1 Qxg2 24.Qxg2 Bxg2 25.Rc1 Bc6 26.Kc2 f5 27.exf6 Rxf6 28.Rf1 Rh6
29.Rf2 Rh3 30.Kc3 h6 31.Kd4 Kh7 32.b3 g5 33.Rcf1 Kg6 34.Rf6+ Kh5 35.Rxe6 Rxh2
36.Rff6 Rxa2 37.Rxh6+ Kg4 38.Re5 Rg2 39.Rg6 Kh4 40.Rh6+ Kg4 41.Rg6 Kh4 42.Re3 g4
43.Ke5 Rf2 44.d4 Rd2 45.Rh6+ Kg5 46.Rh8 Bf3 47.Rf8 Bc6 48.b4 b6 49.Rd8 a5
50.d5 Rxd5+ 51.Rxd5 Bxd5 52.bxa5 bxa5 53.Kxd5 Kf4 54.Ra3  1/2-1/2

[Event "Muenster-IM"]
[Site "Muenster"]
[Date "1994.??.??"]
[Round "7"]
[White "Thesing, Matthias"]
[Black "Dinstuhl, Volkmar"]
[Result "1-0"]
[WhiteElo "2385"]
[BlackElo "2365"]

1.e4 c5 2.Nc3 Nc6 3.Nf3 d6 4.d4 cxd4 5.Nxd4 e6 6.f4 Nf6 7.Be3 Be7 8.Qf3 Qc7
9.O-O-O a6 10.g4 Nxd4 11.Bxd4 e5 12.fxe5 dxe5 13.Qg3 Bd6 14.Be3 Bxg4 15.Rd3 Qe7
16.Bg5 Be6 17.Bh3 O-O-O 18.Nd5 Qf8 19.Nxf6 gxf6 20.Bxf6 Rg8 21.Qe3 Re8 22.Rhd1 Bc7
23.Qa7 Qh6+ 24.Kb1 Qxh3 25.Qa8+ Bb8 26.Bxe5 Bxa2+ 27.Ka1 Rxe5 28.Rxh3 Bc4
29.Rc3 Rc5 30.b3 Kc7 31.Rxc4 Rxc4 32.bxc4 Kc6 33.Ka2  1-0

[Event "Nagykanizsa op"]
[Site "Nagykanizsa"]
[Date "1994.??.??"]
[Round "?"]
[White "Jovanovic, Sasa T"]
[Black "Zila, Laszlo"]
[Result "1-0"]
[WhiteElo "2340"]
[BlackElo "2230"]

1.e4 c5 2.Nc3 Nc6 3.Nge2 e6 4.g3 d6 5.Bg2 Nf6 6.O-O Be7 7.d4 O-O 8.d5 exd5
9.Nxd5 Nxd5 10.Qxd5 Be6 11.Qd1 Qb6 12.Nf4 Rad8 13.Nxe6 fxe6 14.c3 Kh8 15.Qg4 Rf6
16.Qe2 h6 17.f4 d5 18.e5 Rff8 19.Qg4 c4+ 20.Kh1 Nb8 21.Bh3 Nd7 22.Qxe6 Qxe6
23.Bxe6 Nxe5 24.Be3 Nd3 25.Bxa7 Rd6 26.f5 b6 27.b3 Ra8 28.Bxb6 Rxb6 29.Bxd5 Rd8
30.bxc4 Rb2 31.Rfb1 Rdb8 32.Rxb2 Rxb2 33.a4 Bc5 34.a5 h5 35.a6 Ba7 36.Ra5 Rf2
37.Rb5 Ne1 38.h4 Rf1+ 39.Kh2 Bg1+ 40.Kh3 Ba7 41.Rb7 Bf2 42.a7  1-0

[Event "Nagykanizsa op"]
[Site "Nagykanizsa"]
[Date "1994.??.??"]
[Round "?"]
[White "Jovanovic, Sasa T"]
[Black "Czebe, Attila"]
[Result "0-1"]
[WhiteElo "2340"]
[BlackElo "2355"]

1.e4 c5 2.Nc3 Nc6 3.Nge2 e6 4.g3 g6 5.d4 cxd4 6.Nxd4 a6 7.h4 Bg7 8.Nde2 b5
9.Be3 d6 10.Nd4 Bb7 11.Nxc6 Bxc6 12.Bd4 Nf6 13.h5 gxh5 14.Qe2 Qa5 15.Bg2 e5
16.Be3 b4 17.Qc4 O-O 18.Qxc6 bxc3 19.Qxc3 Qxc3+ 20.bxc3 Rac8 21.Bd2 Rc7 22.Rh4 Rb8
23.a4 Rd8 24.Bf1 Rc6 25.c4 Rb8 26.Bd3 Nd7 27.Rxh5 Nb6 28.c5 Rxc5 29.Bxa6 Ra8
30.Bd3 Nxa4 31.Ke2 d5 32.f3 d4 33.Rhh1 Rcc8 34.g4 Nc5 35.Rxa8 Rxa8 36.Bc4 Bf6
37.Rb1 Kg7 38.Rb5 Rc8 39.Bd5 h6 40.Bb4 Na6 41.Bd6 Rxc2+ 42.Kd1 Rc3 43.Rb7 Kg6
44.Rb6 Nc5 45.f4 Kg7 46.g5 hxg5 47.fxe5 Bd8 48.Rb8 Ba5 49.Rb5 Rd3+ 50.Ke2 Re3+
51.Kf1 d3 52.Bc4 Re1+ 53.Kf2 d2 54.Be2 Nxe4+  0-1

[Event "New York op"]
[Site "New York"]
[Date "1994.??.??"]
[Round "3"]
[White "Gruenfeld, Yehuda"]
[Black "Nemet, Ivan"]
[Result "1-0"]
[WhiteElo "2545"]
[BlackElo "2425"]

1.e4 c5 2.Nc3 Nc6 3.Nge2 g6 4.d4 cxd4 5.Nxd4 Bg7 6.Be3 Nf6 7.Bc4 O-O 8.Bb3 a5
9.f3 d6 10.Qd2 Nxd4 11.Bxd4 Be6 12.O-O-O Qb8 13.a4 Ra6 14.Kb1 Bxb3 15.cxb3 e6
16.g4 Rd8 17.h4 d5 18.e5 Nd7 19.f4 Rc8 20.h5 Nc5 21.Ka2 Rac6 22.hxg6 hxg6
23.Qh2 Kf8 24.Qh7 Ne4 25.Nxe4 dxe4 26.f5  1-0

[Event "New York MCC"]
[Site "New York"]
[Date "1994.??.??"]
[Round "7"]
[White "Gurevich, Ilya"]
[Black "Arnett, David A"]
[Result "1-0"]
[WhiteElo "2585"]
[BlackElo "2350"]

1.e4 c5 2.Nf3 Nc6 3.Nc3 d6 4.d4 cxd4 5.Nxd4 Nf6 6.Bg5 e6 7.Qd2 a6 8.O-O-O Bd7
9.f4 b5 10.Bxf6 gxf6 11.Kb1 b4 12.Nce2 Qb6 13.f5 e5 14.Nxc6 Bxc6 15.Ng3 h5
16.h4 a5 17.Be2 a4 18.Nxh5 Be7 19.Ng3 b3 20.cxb3 axb3 21.a3 Rg8 22.Rh3 Rc8
23.h5 Kd7 24.h6 Ba4 25.h7 Rh8 26.Qd5 Qc7 27.Qd3 Qc2+ 28.Ka1 Rc5 29.Nf1 Bc6
30.Nd2 Ba4 31.Qxc2 bxc2 32.Rc1 Rcc8 33.b3 Bc6 34.Bc4 d5 35.exd5 Bxd5 36.Rd3  1-0

[Event "JUG-chT"]
[Site "Nis"]
[Date "1994.??.??"]
[Round "?"]
[White "Todorovic, Goran M"]
[Black "Djukic, Zeljko"]
[Result "0-1"]
[WhiteElo "2455"]
[BlackElo "2360"]

1.e4 c5 2.Nf3 Nc6 3.Nc3 e5 4.Bc4 g6 5.d3 h6 6.Nd5 Bg7 7.b4 cxb4 8.a3 bxa3
9.Bxa3 d6 10.O-O Nge7 11.Rb1 O-O 12.Nd2 b6 13.Bb5 Nd4 14.Nxe7+ Qxe7 15.Nc4 Rd8
16.Ne3 Nxb5 17.Rxb5 Be6 18.Qd2 Rac8 19.c4 f5 20.exf5 Bxf5 21.f3 Bd7 22.Nd5 Qe6
23.Rbb1 Bc6 24.Ne3 d5 25.Qe2 dxc4 26.Nxc4 Qd5 27.Rfd1 Ba4 28.Rdc1 Qd4+ 29.Ne3 Rxc1+
30.Bxc1 Qxd3 31.Qa2+ Kh7 32.Ra1 b5 33.Ng4 e4 34.Bb2 Bxb2 35.Qxb2 Qd4+ 36.Qxd4 Rxd4
37.Rc1 exf3 38.Rc7+ Kg8 39.Nf6+ Kf8 40.gxf3 a5 41.Ra7 Bc2 42.Rxa5 b4 43.Rb5 b3
44.Ng4 h5 45.Ne5 Ke7 46.Rb6 Rd5 47.Nc6+ Kd7 48.Nb4 Rd6 49.Rb7+ Kc8 50.Rb5 Bf5
51.Rc5+ Kd7 52.Nd5 b2  0-1

[Event "JUG-chT"]
[Site "Nis"]
[Date "1994.??.??"]
[Round "?"]
[White "Kupreichik, Viktor D"]
[Black "Batricevic, Sasa"]
[Result "1-0"]
[WhiteElo "2515"]
[BlackElo "2240"]

1.e4 c5 2.Nf3 Nc6 3.Nc3 e5 4.Bc4 d6 5.d3 Be7 6.O-O Be6 7.Bxe6 fxe6 8.Ne2 Nf6
9.c3 d5 10.Ng3 O-O 11.Re1 d4 12.cxd4 cxd4 13.Qb3 Qd7 14.Ng5 Nd8 15.Bd2 Ng4
16.Nf3 Nf7 17.h3 Nf6 18.Rec1 Rac8 19.a4 Rxc1+ 20.Rxc1 Rc8 21.Rc4 Ne8 22.Nf1 Ned6
23.Rxc8+ Qxc8 24.Bb4 Bf6 25.N1d2 b6 26.g3 Nb7 27.Nc4 Qd7 28.Ba3 g6 29.Kg2 Bg7
30.h4 h6 31.Kf1 Qc7 32.Qb5 Kh7 33.Qe8 Nbd8 34.b3 Qc6 35.Qe7 Qb7 36.Qxb7 Nxb7
37.Be7 Nc5 38.Bxc5 bxc5 39.a5 Kg8 40.Nb6 Nd8 41.Nd7 Nc6 42.Nxc5 Nxa5 43.b4 Nc6
44.b5 Nb4 45.Ke2 Kf7 46.Nd7 Na2 47.Kd2 Nc3 48.b6 axb6 49.Nxb6 Bf6 50.Nc4 g5
51.Ncxe5+ Kg7 52.hxg5 hxg5 53.Nc6  1-0

[Event "NLD-ch op"]
[Site "?"]
[Date "1994.??.??"]
[Round "?"]
[White "Afek, Yochanan"]
[Black "Vydeslaver, Alik"]
[Result "0-1"]
[WhiteElo "2395"]
[BlackElo "2350"]

1.e4 c5 2.Nc3 Nc6 3.Nge2 d6 4.d4 cxd4 5.Nxd4 Nf6 6.Bc4 e6 7.Be3 Be7 8.Qe2 O-O
9.O-O-O Bd7 10.Rhg1 Rc8 11.Bb3 Na5 12.g4 Rxc3 13.bxc3 Nxe4 14.Kb2 Qc7 15.Bd2 d5
16.f3 Nxc3 17.Bxc3 Ba3+ 18.Kxa3 Qxc3 19.Nb5 Bxb5 20.Qxb5 Nc4+ 21.Ka4 a6  0-1

[Event "NOR-ch"]
[Site "?"]
[Date "1994.??.??"]
[Round "9"]
[White "Moen, Ole Christian"]
[Black "Fossan, Erik"]
[Result "1-0"]
[WhiteElo "2245"]
[BlackElo "2340"]

1.e4 c5 2.Nf3 Nc6 3.Nc3 Nf6 4.g3 g6 5.Bg2 Bg7 6.O-O O-O 7.d3 d6 8.h3 Rb8
9.a4 a6 10.Be3 Nd7 11.Qd2 b5 12.axb5 axb5 13.Bh6 b4 14.Bxg7 Kxg7 15.Nd5 Nb6
16.Ne3 d5 17.exd5 Nxd5 18.Nxd5 Qxd5 19.Rfe1 Bxh3 20.Bxh3 Qxf3 21.Bg2 Qf6
22.Ra6 Rbc8 23.Qe3 Rfd8 24.c3 bxc3 25.bxc3 Rd6 26.Qxc5 Na7 27.Rxd6 Rxc5 28.Rxf6 Kxf6
29.Ra1 Nb5 30.Ra5 Re5 31.f4 Re1+ 32.Kf2 Rb1 33.c4 Rb2+ 34.Ke3 Rxg2 35.cxb5 Rb2
36.Kd4 Kf5 37.b6+ Kg4 38.Kc5 Kxg3 39.Kc6 Rxb6+ 40.Kxb6 h5 41.Ra7 f6 42.Rxe7 g5
43.fxg5 fxg5 44.d4 Kh2 45.d5 g4 46.d6 g3 47.d7 g2 48.Rg7  1-0

[Event "BCF-ch"]
[Site "Norwich"]
[Date "1994.??.??"]
[Round "2"]
[White "Emms, John M"]
[Black "McDonald, Neil R"]
[Result "1/2-1/2"]
[WhiteElo "2525"]
[BlackElo "2390"]

1.e4 c5 2.Nc3 Nc6 3.Nf3 e5 4.Bc4 Be7 5.d3 Nf6 6.Nd2 d6 7.Nf1 Bg4 8.f3 Be6
9.Ne3 a6 10.a3 b5 11.Ba2 O-O 12.O-O Nd7 13.g3 Bg5 14.Ncd5 Bxe3+ 15.Bxe3 Nb6
16.Nxb6 Qxb6 17.Bxe6 fxe6 18.b4 Ne7 19.Qd2 Qc7 20.bxc5 dxc5 21.Qc3 Rac8 22.a4 b4
23.Qc4 Qd6 24.Kg2 Rfd8 25.f4 exf4 26.Bxf4 Qc6 27.Be3 Kh8 28.Kg1  1/2-1/2

[Event "SLO-ch"]
[Site "Nova Gorica"]
[Date "1994.??.??"]
[Round "?"]
[White "Grosar, Aljosa"]
[Black "Grosar, Kiti"]
[Result "1-0"]
[WhiteElo "2430"]
[BlackElo "2195"]

1.e4 c5 2.Nc3 Nc6 3.Nf3 d6 4.d4 cxd4 5.Nxd4 Nf6 6.g3 e6 7.Bg2 Be7 8.O-O O-O
9.Re1 a6 10.a4 Qc7 11.Nb3 b6 12.f4 Bb7 13.g4 Nd7 14.Be3 Rfd8 15.g5 Nc5 16.Qh5 g6
17.Qh4 Nxb3 18.cxb3 h5 19.Qf2 Rd7 20.Bxb6 Qb8 21.a5 Nb4 22.Rad1 Bc6 23.f5 exf5
24.exf5 Bxg2 25.Qxg2 gxf5 26.Qf3 Bd8 27.Re8+ Kg7 28.Bd4+  1-0

[Event "Oberwart op"]
[Site "Oberwart"]
[Date "1994.??.??"]
[Round "3"]
[White "Landa, Konstantin"]
[Black "Roos, Thomas"]
[Result "1/2-1/2"]
[WhiteElo "2510"]
[BlackElo "2255"]

1.e4 c5 2.Nc3 Nc6 3.Nf3 d6 4.d4 cxd4 5.Nxd4 Nf6 6.Be2 e5 7.Nf3 h6 8.O-O Be7
9.Re1 O-O 10.h3 Be6 11.Bf1 Rc8 12.Nd5 Bxd5 13.exd5 Nb8 14.Be3 Nbd7 15.c4 Nh7
16.b4 b6 17.Qa4 Rc7 18.Rac1 f5 19.c5 bxc5 20.bxc5 dxc5 21.Bd2 e4 22.Bf4 Rb7
23.Qc6 Rb2 24.Ne5 Nxe5 25.Bxe5 Rd2 26.Bc3 Bg5 27.h4 Bf4 28.Qg6 Rd4 29.Bxd4 cxd4
30.Rc6 d3 31.g3 Bd2 32.Rd1 Bb4 33.Qe6+ Kh8 34.Bh3 Re8 35.Qxf5 Nf6 36.Qg6 Qe7
37.Re6 Qf8 38.Bf5 Rxe6 39.dxe6 Qa8 40.Kh2 d2 41.Kh3 Qd5 42.h5 Qd4 43.Kg2 Bc5
44.Bxe4 Nxe4 45.Qe8+ Kh7 46.Qg6+  1/2-1/2

[Event "Oberwart op"]
[Site "Oberwart"]
[Date "1994.??.??"]
[Round "4"]
[White "Eismont, Oleg"]
[Black "Medvegy, Nora"]
[Result "1-0"]
[WhiteElo "2440"]
[BlackElo "2175"]

1.e4 c5 2.Nc3 Nc6 3.Nf3 e6 4.Bb5 Nge7 5.O-O a6 6.Bxc6 Nxc6 7.d4 cxd4 8.Nxd4 d6
9.Re1 Qc7 10.Nxc6 bxc6 11.Qg4 e5 12.Qg3 g6 13.f4 Bg7 14.fxe5 dxe5 15.Be3 O-O
16.Bc5 Rd8 17.Na4 Rb8 18.Qe3 Qb7 19.Bb6 Rd7 20.b3 Bf8 21.Kh1 Bb4 22.Rf1 Be7
23.h3 Kg7 24.Rf3 Bd8 25.Bxd8 Rxd8 26.Qg5 Re8 27.Raf1 Qe7 28.Rxf7+ Qxf7 29.Rxf7+ Kxf7
30.Nc5 Rb4 31.c4 Kg7 32.Qd2 Rb6 33.Qd6 Kh6 34.Qc7 Rb4 35.a3  1-0

[Event "Orange op"]
[Site "Orange"]
[Date "1994.??.??"]
[Round "9"]
[White "Guadalpi, David"]
[Black "Pelletier, Yannick"]
[Result "0-1"]
[WhiteElo "2235"]
[BlackElo "2365"]

1.e4 c5 2.Nc3 Nc6 3.Nge2 Nf6 4.d4 cxd4 5.Nxd4 e5 6.Ndb5 d6 7.Nd5 Nxd5 8.exd5 Nb8
9.c4 Be7 10.Be2 O-O 11.O-O f5 12.f4 a6 13.Nc3 Nd7 14.g3 Bf6 15.Be3 Qe7 16.Bf2 g5
17.Kh1 Kh8 18.Qd2 Qg7 19.Be3 exf4 20.gxf4 g4 21.Rad1 Re8 22.Bd4 Nf8 23.b4 Bd7
24.Bxf6 Qxf6 25.Qd4 Qxd4 26.Rxd4 Re3 27.Rd3 Rae8 28.Rf2 Ng6 29.Rxe3 Rxe3
30.Nb1 Re4 31.Nd2 Rxf4 32.Kg1 Kg7 33.a3 Kf6 34.c5 dxc5 35.bxc5 Rd4 36.Nc4 Nf4  0-1

[Event "Oslo op"]
[Site "Oslo"]
[Date "1994.??.??"]
[Round "7"]
[White "Korneev, Oleg"]
[Black "Schmittdiel, Eckhard"]
[Result "1/2-1/2"]
[WhiteElo "2500"]
[BlackElo "2450"]

1.e4 c5 2.Nc3 Nc6 3.Nge2 e5 4.Nd5 Nge7 5.Nec3 Nxd5 6.Nxd5 g6 7.Bc4 Bg7 8.d3 d6
9.h4 h6 10.Be3 Ne7 11.c3 Nxd5 12.Bxd5 Qe7 13.h5 g5 14.f3 Be6 15.Qb3 O-O 16.O-O Rab8
17.a4 b6 18.Rfd1 Rfe8 19.Rd2 a6 20.d4 exd4 21.cxd4 g4 22.Bxe6 Qxe6 23.Qxe6 Rxe6
24.Kf2 gxf3 25.gxf3 cxd4 26.Bxd4 Bxd4+ 27.Rxd4 b5 28.b4 bxa4 29.Rxa4 Rb6
30.f4 Rc6 31.Kf3 Re8 32.f5 Kf8 33.Ra2 Ke7 34.Rg2 Rb8 35.Kf4 Rc1 36.Ra2 Rb6
37.Rad2 Rh1 38.Rc2 Rh4+ 39.Kf3 Rxh5 40.Rc7+ Kf8 41.Rd7 Rh3+ 42.Kf4 Kg7 43.R7xd6 Rxd6
44.Rxd6 Ra3 45.Rd2 a5 46.Rg2+ Kf8 47.bxa5 Rxa5 48.f6 Ra6 49.Kf5 Ra5+ 50.e5 Ra1
51.Rb2 Rf1+ 52.Kg4 Ke8 53.Rb7 Rg1+ 54.Kf3 Re1 55.Re7+ Kf8 56.Kf2 Re4 57.Kg2 Re1
58.Kf3 Kg8 59.Kf2 Re4 60.Kf3 Re1  1/2-1/2

[Event "Osterskan op"]
[Site "Osterskan"]
[Date "1994.??.??"]
[Round "?"]
[White "Wedberg, Tom"]
[Black "Karlsson, Lars"]
[Result "1/2-1/2"]
[WhiteElo "2455"]
[BlackElo "2500"]

1.e4 c5 2.Nc3 Nc6 3.Nge2 g6 4.d4 cxd4 5.Nxd4 Bg7 6.Be3 d6 7.Bc4 Nf6 8.h3 O-O
9.Bb3 Bd7 10.O-O Rc8 11.f4 Qa5 12.Qf3 Nxd4 13.Bxd4 Bc6 14.Qe3 Nd7 15.Bxg7 Kxg7  1/2-1/2

[Event "Pardubice op"]
[Site "Pardubice"]
[Date "1994.??.??"]
[Round "4"]
[White "Hausner, Ivan"]
[Black "Manik, Mikulas"]
[Result "1-0"]
[WhiteElo "2470"]
[BlackElo "2370"]

1.e4 c5 2.Nc3 Nc6 3.Nge2 Nf6 4.d4 cxd4 5.Nxd4 e5 6.Ndb5 d6 7.Bg5 a6 8.Na3 b5
9.Bxf6 gxf6 10.Nd5 f5 11.Bd3 Be6 12.O-O Bg7 13.c4 bxc4 14.Nxc4 O-O 15.Ndb6 Bxc4
16.Nxc4 Nd4 17.Ne3 d5 18.Nxf5 Nxf5 19.exf5 e4 20.Bc2 Bxb2 21.Rb1 Bg7 22.Bb3 d4
23.Qg4 Re8 24.Bd5 h5 25.Qg3 Ra7 26.Bxe4 Qf6 27.Rbc1 Qe5 28.Bd3 Qxg3 29.hxg3 Bf6
30.Rc6 Kg7 31.Rfc1 a5 32.a4 Rae7 33.Kf1 h4 34.gxh4 Bxh4 35.g3 Bg5 36.Rd6 Bf6
37.Rdc6 Re5 38.Rc7 R8e7 39.Rxe7 Bxe7 40.Rc7 Bb4 41.Rd7 Bc3 42.Kg2 Re1 43.Bc4  1-0

[Event "Sarospatak op"]
[Site "Sarospatak"]
[Date "1994.??.??"]
[Round "?"]
[White "Tatar Kis, Szabolcs"]
[Black "Felegyhazi, Laszlo"]
[Result "1-0"]
[WhiteElo "2235"]
[BlackElo "2290"]

1.e4 c5 2.Nf3 Nc6 3.Nc3 g6 4.Bc4 Bg7 5.d3 d6 6.h4 h5 7.Be3 Nf6 8.Qd2 Ng4
9.O-O Nxe3 10.Qxe3 e6 11.a4 Nd4 12.Ne1 Qxh4 13.Nd5 Qd8 14.Qg3 Ne2+  1-0